Internal-combustion engines (Record no. 20584)

000 -LEADER
fixed length control field 00522nam a22001931 4500
001 - CONTROL NUMBER
control field 20584
003 - CONTROL NUMBER IDENTIFIER
control field BD-DhUET
008 - FIXED-LENGTH DATA ELEMENTS--GENERAL INFORMATION
fixed length control field 750306s1945 nyua b 000 0 eng
040 ## - CATALOGING SOURCE
Original cataloging agency DLC
Transcribing agency DLC
Modifying agency BD-DhUET
082 ## - DEWEY DECIMAL CLASSIFICATION NUMBER
Classification number 621.43
Item number MAL/1945
100 ## - MAIN ENTRY--PERSONAL NAME
Personal name Maleev, V. L.
245 10 - TITLE STATEMENT
Title Internal-combustion engines
Remainder of title theory and design
250 ## - EDITION STATEMENT
Edition statement 2nd ed.
260 ## - PUBLICATION, DISTRIBUTION, ETC. (IMPRINT)
Place of publication, distribution, etc. London
Name of publisher, distributor, etc. McGraw-Hill
Date of publication, distribution, etc. 1945
300 ## - PHYSICAL DESCRIPTION
Extent xii, 636 p.
Other physical details ill.
Dimensions 22 cm.
504 ## - BIBLIOGRAPHY, ETC. NOTE
Bibliography, etc Includes bibliographies
650 #0 - SUBJECT ADDED ENTRY--TOPICAL TERM
Topical term or geographic name as entry element Internal combustion engines
942 ## - ADDED ENTRY ELEMENTS (KOHA)
Koha item type General Book
Holdings
Koha date last seen Piece designation (barcode) Price effective from Koha item type Source of classification or shelving scheme Not for loan Shelving location Withdrawn status Sublocation or collection (holding branch) Koha full call number Date acquired Copy number Damaged status Location (home branch) Koha normalized classification for sorting Lost status
2015-04-12203972015-04-12General Book  Circulation section Central Library, BUET621.43/MAL/19452015-04-121 Central Library, BUET621_430000000000000_MAL_1945 
2015-04-1365582015-04-13General Book  Circulation section Central Library, BUET621.43/MAL/19452015-04-132 Central Library, BUET621_430000000000000_MAL_1945 
2015-04-131951a2015-04-13General Book  Circulation section Central Library, BUET621.43/MAL/19452015-04-133 Central Library, BUET621_430000000000000_MAL_1945 
2015-04-18113092015-04-18General Book  Circulation section Central Library, BUET621.43/MAL/19452015-04-184 Central Library, BUET621_430000000000000_MAL_1945 
2015-06-16433482015-06-16Reading Item  Reading section Central Library, BUET621.43/MAL/19452015-06-165 Central Library, BUET621_430000000000000_MAL_1945 
2015-06-30163272015-06-30Reading Item  Reading section Central Library, BUET621.43/MAL/19452015-06-306 Central Library, BUET621_430000000000000_MAL_1945 
2015-07-02433472015-07-02Reading Item  Reading section Central Library, BUET621.43/MAL/19452015-07-027 Central Library, BUET621_430000000000000_MAL_1945